书目信息 |
| 题名: |
种群生态学的数学建模与研究
|
|
| 作者: | 马知恩 著 | |
| 分册: | ||
| 出版信息: | 合肥 安徽教育出版社 1996.06 |
|
| 页数: | 404页 | |
| 开本: | 20cm | |
| 丛书名: | ||
| 单 册: | ||
| 中图分类: | Q145 | |
| 科图分类: | ||
| 主题词: | 种群生态学--数学模型--研究 , 种群生态学--动力学分析 | |
| 电子资源: | ||
| ISBN: | 7-5336-1631-6 | |
| 000 | 00645nam0 2200205 45 | |
| 001 | 0201081550 | |
| 005 | 20031219104052.5 | |
| 010 | @a7-5336-1631-6@b精装@dCNY18.00 | |
| 100 | @a20020108e20001996km y0chiy0120 ea | |
| 101 | 0 | @achi |
| 105 | @a z 000yy | |
| 200 | 1 | @a种群生态学的数学建模与研究@AZhong Qun Sheng Tai Xue De Shu Xue Jian Mo Yu Yan Jiu@f马知恩著@FMa Zhi En Zhu |
| 210 | @a合肥@c安徽教育出版社@d1996.06@h2000.6重印 | |
| 215 | @a404页@d20cm | |
| 606 | 0 | @a种群生态学@x数学模型@x研究 |
| 606 | 0 | @a种群生态学@x动力学分析 |
| 690 | @aQ145@v4 | |
| 701 | 0 | @a马知恩@4著 |
| 801 | @aCN@bTSTC@c20020108 | |
| 905 | @b303435-444@dQ145@e53@f10 | |
| 种群生态学的数学建模与研究/马知恩著.-合肥:安徽教育出版社,1996.06(2000.6重印) |
| 404页;20cm |
| ISBN 7-5336-1631-6(精装):CNY18.00 |
| ● |
| 相关链接 |
|
|
|
|
正题名:种群生态学的数学建模与研究
索取号:Q145/53
 
预约/预借
| 序号 | 登录号 | 条形码 | 馆藏地/架位号 | 状态 | 备注 |
| 1 | 0303435 | 203034359 | 密集书库/ [索取号:Q145/53] | 在馆 | |
| 2 | 0303436 | 203034368 | 第三借阅区/ [索取号:Q145/53] | 在馆 | |
| 3 | 0303437 | 203034377 | 密集书库/ [索取号:Q145/53] | 在馆 | |
| 4 | 0303438 | 203034386 | 密集书库/ [索取号:Q145/53] | 在馆 | |
| 5 | 0303439 | 203034395 | 第三借阅区/ [索取号:Q145/53] | 在馆 | |
| 6 | 0303440 | 203034402 | 第三借阅区/ [索取号:Q145/53] | 在馆 | |
| 7 | 0303441 | 203034411 | 第三借阅区/ [索取号:Q145/53] | 在馆 | |
| 8 | 0303442 | 203034420 | 密集书库/ [索取号:Q145/53] | 在馆 | |
| 9 | 0303443 | 203034439 | 密集书库/ [索取号:Q145/53] | 在馆 | |
| 10 | 0303444 | 203034448 | 第二样本阅览室/ [索取号:Q145/53] | 在馆 |